000 03098cam a2200373 4500500
005 20260111112452.0
041 _afre
042 _adc
100 1 0 _aKoumba, Carelle Vanessa
_eauthor
700 1 0 _aMestre, Claire
_eauthor
700 1 0 _aMouchenik, Yoram
_eauthor
245 0 0 _aDu désir de maternité à l’exil
260 _c2023.
500 _a30
520 _aNous analysons à travers une étude de cas et une analyse thématique, le désir d’enfant. L’objectif de notre étude est d’appréhender les différents remaniements (ruptures conjugales et de soins) qui bouleversent le projet de maternité passant de la mobilité procréative à l’exil.La méthode qualitative inductive a été privilégiée car aucune hypothèse préalable n’a été émise.Les résultats montrent que la mobilité reproductive de départ qui a été émaillée de ruptures et d’une dépression a permis de re-penser le projet de maternité (qui au départ était un désir normé et genré par la culture), de passer le seuil de la porte et de s’inscrire dans un véritable projet d’exil.
520 _aIn a case study with a thematic analysis, we analysed the desire to have a child for women. The objective of our study was to understand the different disruptions that can upset the maternity project, from procreative mobility to exile. An inductive qualitative method was preferred because no prior hypothesis was made.The results show that the initial reproductive mobility, previously punctuated by ruptures and depressive episodes, enabled the subject’s maternity project to be re-appraised (a project that at the outset was a desire standardized and gendered by culture), to cross the threshold and to invest in a real project in exile.
520 _aAnalizamos a través de un estudio de caso y un análisis temático, el deseo de tener hijos. El objetivo de nuestro estudio es comprender las diversas reorganizaciones (rupturas matrimoniales y cuidados) que trastocan el proyecto de maternidad pasando de la movilidad procreativa al exilio.Se prefirió el método cualitativo inductivo porque no se hizo hipótesis previa.Los resultados muestran que la movilidad reproductiva inicial, marcada por rupturas y depresiones, permitió repensar el proyecto de la maternidad (que en un principio fue un deseo estandarizado y generizado por la cultura), traspasar el umbral de la puerta e inscribirse en un verdadero proyecto de exilio.
690 _acas clinique
690 _aculture d’origine
690 _amaternité
690 _amigration
690 _aprocréation médicalement assistée
690 _areprésentation sociale
690 _astérilité
690 _aclinical case
690 _aculture of origin
690 _amaternity
690 _amedically assisted procreation
690 _amigration
690 _asocial representation
690 _asterility
786 0 _nL'autre | Volume 23 | 3 | 2023-01-09 | p. 296-305 | 1626-5378
856 4 1 _uhttps://shs.cairn.info/revue-l-autre-2022-3-page-296?lang=fr&redirect-ssocas=7080
999 _c1632327
_d1632327